China's engagement in Central and Eastern Europe: regional diplomacy in pursuit ofm China's interests
Charakter zapojenia Číny v obchodnej spolupráci zahraničí. Čínske kooperačné mechanizmy. Platforma spolupráce 16+1. Oblasti prioritnej spolupráce Číny a SVE.
Gespeichert in:
| 1. Verfasser: | |
|---|---|
| Format: | Buchkapitel |
| Sprache: | Englisch |
| Schlagworte: | |
| Tags: |
Keine Tags, Fügen Sie das erste Tag hinzu!
|
MARC
| LEADER | 00000naa a2200000 4500 | ||
|---|---|---|---|
| 001 | 0216120 | ||
| 005 | 20240502073613.2 | ||
| 041 | 0 | |a eng | |
| 044 | |a SK | ||
| 245 | 1 | 0 | |a China's engagement in Central and Eastern Europe: regional diplomacy in pursuit ofm China's interests |c Gabriela Pleschová |
| 520 | |a Charakter zapojenia Číny v obchodnej spolupráci zahraničí. Čínske kooperačné mechanizmy. Platforma spolupráce 16+1. Oblasti prioritnej spolupráce Číny a SVE. | ||
| 610 | 2 | 0 | |a Čína |
| 610 | 2 | 0 | |a politika zahraničná |
| 610 | 2 | 0 | |a politika zahraničnohospodárska |
| 610 | 2 | 0 | |a spolupráca medzinárodná |
| 610 | 2 | 0 | |a spolupráca regionálna |
| 610 | 2 | 0 | |a regióny |
| 610 | 2 | 0 | |a SVE |
| 100 | 1 | |a Pleschová, Gabriela | |